| 000 | 00356nam a2200145Ia 4500 | ||
|---|---|---|---|
| 008 | 150201s2014 xx 000 0 und d | ||
| 082 |
_a617.7 _bR24K |
||
| 100 | _aKHURANA, A.K. | ||
| 245 | _aREWIEW OF OPHTHALMOLOGY | ||
| 250 | _a5TH | ||
| 260 |
_bNEW AGE INTERNATIONAL PUB. _aINDIA _c2014 |
||
| 300 | _a1-388 | ||
| 650 | _aOPHTHALMOLOGY | ||
| 942 |
_2ddc _cBK |
||
| 999 |
_c1822 _d1822 |
||